| 000 | 00459cam a22001217a 4500 | ||
|---|---|---|---|
| 008 | 180718b-- xxu||||| |||| 00| 0 eng d | ||
| 082 | _aT19x5434 R137 | ||
| 245 |
_aEconomic review, Rajasthan _cby Directorate of Economics and Statistics, Rajasthan |
||
| 260 |
_aJaipur _bDirectorate of Economics and Statistics _c-- |
||
| 500 | _aLibrary has 2005-06 | ||
| 650 | _aEconomic surveys - India - Rajasthan | ||
| 700 | _aRajasthan. Directorate of Economics and Statistics | ||
| 999 |
_c489407 _d489407 |
||